000 00683nam a2200241Ia 4500
003 OSt
005 20220924120359.0
006 a|||||r|||| 00| 0
007 ta
008 220923b |||||||| |||| 00| 0 san d
024 _a64843
037 _cTextual
040 _aARTS
_cARTS
_bsan
041 _2san
_asan
082 _aQ4:23, 15M3
100 _aSkorupski Tadeusz
_9131517
245 0 _aSarva durgatiparisodhana tantra
_b elimination of all evil destinies
260 _aDelhi
_bMotilal banarasidass
_c1983
300 _axxix,385p.
_ccm.
650 _aRELIGION
942 _hQ4:23, 15M3
_cTEXL
_2CC
999 _c402549
_d402549